000 00332nam a2200133Ia 4500
008 240624s9999 xx 000 0 und d
041 _aeng
082 _a330.015 TSI
100 _aTSIONAS MIKE
245 _aPANEL DATA ECONOMETRICS II EMPIRICAL APP
260 _c2019
_aLondon
_bElsevier
300 _a988p. ;23cm.
365 _c
_b33
999 _c32721
_d32721